000 00313nam a22001337a 4500
008 181207b xxu||||| |||| 00| 0 eng d
020 _a0683000772
041 _aeng
080 _a618
100 _a9
101 _aPAT
245 _aRehabilitative Audiology: Children and Adults
_cAlpiner,J.G
942 _2udc
_cBK
999 _c53026
_d53026